| 000 | 01627nam a2200289Ia 4500 | ||
|---|---|---|---|
| 999 |
_c42505 _d42505 |
||
| 001 | 9202 | ||
| 003 | GE_BSU | ||
| 005 | 20230127105524.0 | ||
| 008 | 181216sge 2014xx |||||||||||||| ||geo|| | ||
| 020 | _a9789941934759 | ||
| 040 | _cGE_BSU | ||
| 041 |
_ageo _hger |
||
| 080 | _a34(038)+81'374.26:34=112.2=353.1+81'374.26:34=353.1=112.2 ი-95 | ||
| 245 |
_aიურიდიული ლექსიკონი გერმანულ-ქართული ქართულ -გერმანული : _bDeutsch-Georgisch Georgisch-Deutsch / _c გაგა გაბრიჩიძე , ლაშა,კალანდაძე , ნანა მანჯგალაძე და სხვ. რედ: შალვა პაპუაშვილი, ქეთევან ფხაკაძე, ეთერ ჩაჩანიძე. |
||
| 250 | _aმე-2 უცვლელი გამოც. | ||
| 264 |
_aთბილისი : _b[გ.გ.] _c2014. |
||
| 300 |
_a546 გვ.: _b20 სმ. |
||
| 653 | _aიურიდიული ლექსიკონი | ||
| 653 | _aსამართალი | ||
| 700 |
_aგაბრიჩიძე, გაგა _95243 |
||
| 700 |
_aკალანდაძე, ლაშა _910138 |
||
| 700 |
_aმანჯგალაძე, ნანა _916814 |
||
| 700 |
_aპაპუაშვილი, შალვა _eრედაქტორი _9758 |
||
| 700 |
_aფხაკაძე, ქეთევან _eრედაქტორი _911881 |
||
| 700 |
_aჩაჩანიძე, ეთერ _eრედაქტორი _916815 |
||
| 942 |
_cBK _2udc |
||